Online Catalogue and eLibrary

Invented moralities : (Record no. 339)

MARC details
000 -LEADER
fixed length control field 00565cam a2200193 a 4500
001 - CONTROL NUMBER
control field 3505240
005 - DATE AND TIME OF LATEST TRANSACTION
control field 20240208050109.0
008 - FIXED-LENGTH DATA ELEMENTS--GENERAL INFORMATION
fixed length control field 950404s1995 nyu b 001 0 eng
020 ## - INTERNATIONAL STANDARD BOOK NUMBER
ISBN 0231104103 (hbk : alk. paper)
040 ## - CATALOGING SOURCE (பட்டியலாக்க மூலம்)
Original cataloging agency DLC
Transcribing agency DLC
Modifying agency DLC
082 00 - DDC Classification
Class No. 306.7
DDC Edition Number 20
Item Number - Author Mark JEF.
100 1# - MAIN ENTRY--PERSONAL NAME
Personal name Weeks, Jeffrey,
245 10 - TITLE STATEMENT
Title Invented moralities :
Remainder of title sexual values in an age of uncertainty /
Statement of responsibility, etc. Jeffrey Weeks.
260 ## - PUBLICATION, DISTRIBUTION, ETC.
Place of publication, distribution, etc. New York :
Name of publisher, distributor, etc. Columbia University Press,
Date of publication, distribution, etc. 1995.
300 ## - PHYSICAL DESCRIPTION
Extent (e.g. Volumes, Pages etc.) xiii, 209 p. ;
650 #0 - SUBJECT ADDED ENTRY--TOPICAL TERM
Topical term or geographic name entry element Sexual ethics.
650 #0 - SUBJECT ADDED ENTRY--TOPICAL TERM
Topical term or geographic name entry element Multiculturalism.
942 ## - Koha item type (Biblio)
Koha item type Books in Stacks (Lending)
Holdings
Lost status Damaged status Collection code Home library Current library Date acquired Full call number Accession Number Item type
    Lending WERC Library WERC Library 02/08/2024 306.7 JEF. 2527 Books in Stacks (Lending)

© WERC Library